000 01154cam a2200325 i 4500
001 18337442
003 OSt
005 20240920140656.0
008 141017s2015 nju b 001 0 eng
010 _a 2014041090
020 _a9781118763780
040 _aDLC
_beng
_cDLC
_erda
_dDLC
042 _apcc
050 0 0 _aTP983
_b.B27 2015
082 0 0 _a668.5
_223
_bBAK/G
100 1 _aBaki, Gabriella
_98656
245 1 0 _aIntroduction to cosmetic formulation and technology /
_cGabriella Baki, Ph.D., and Kenneth S. Alexander, Ph.D.
264 1 _aHoboken, New Jersey :
_bJohn Wiley & Sons, Inc.,
_c[2015]
300 _axviii,698 pages ;
_c24 cm
336 _atext
_2rdacontent
337 _aunmediated
_2rdamedia
338 _avolume
_2rdacarrier
504 _aIncludes bibliographical references (pages 674-677) and index.
650 0 _aCosmetics.
650 0 _aCosmetics industry.
650 0 _aToilet preparations.
700 1 _aAlexander, Kenneth S.,
_d1942-
_98657
942 _2ddc
_cBK
_h668.5
_iBAK/I
_k668.5
_mBAK/I
999 _c41198
_d41198